banner-ar

ابن خلدون مبدعا : (Record no. 66437)

MARC details
000 -الفاتح
حقل البيانات ثابتة الطول 00946nam a22002417a 4500
005 - وقت وتاريخ اخر تعامل مع التسجيلة
رقم الضبط 20240530110918.0
008 - عناصر البيانات ثابتة الطول - معلومات عامة
حقل البيانات ثابتة الطول 220518s2006 ua g b 001 0 ara d
017 ## - رقم الايداع القانونى
رقم الايداع القانونى 2006/23055
المصدر ( الهيئة المختصة) مصر. دار الكتب
020 ## - الرقم الدولى المعيارى للكتب
الرقم الدولى المعيارى للكتاب 9774371062
040 ## - مصدر الفهرسة
وكالة الفهرسة الأصلية EG-CaGPL
وكالة النسخ EG-CaGPL
082 04 - رقم تصنيف ديوى العشرى
رقم الطبعة 21
رقم التصنيف 301/
رقم المادة س إ
100 0# - المدخل الرئيسى - إسم شخصى
الإسم الشخصى سامية حسن الساعاتى
245 10 - بيان العنوان
العنوان ابن خلدون مبدعا :
بقية العنوان قراءة جديدة لفكرة ومنهجية فى علم الاجتماع /
بيان المسئوليه,etc سامية حسن الساعاتى
250 ## - بيان الطبعة
بيان الطبعة ط.1
260 ## - PUBLICATION, DISTRIBUTION, ETC. (IMPRINT)
تاريخ النشر أو التوزيع 2006.
300 ## - الوصف المادى
التعداد 215 ص. ؛
أبعاد الوعاء 24 سم.
504 ## - تبصرة ببليوجرافية
تبصرة ببليوجرافية,الخ يشتمل على ارجاعات ببليوجرافية
600 1# - المدخل الاضافى بالموضوع-اسم شخصى
مصدر الرأس أو المصطلح ابن خلدون، عبدالرحمن بن محمد بن محمد
650 07 - المدخل الاضافى بالموضوع-مصطلح موضوعى
مصدر الرأس أو المصطلح qrmak
مصطلح موضوعي الاجتماع، علم
651 ## - المدخل الاضافى بالموضوع - اسم جغرافى
مصدر الرأس أو المصطلح qrmak
942 ## - عناصر المدخل الإضافي( كوها)
مصدر التصنيف او مخطط الترفيف Dewey Decimal Classification
Koha [default] item type كتاب
260 ## - PUBLICATION, DISTRIBUTION, ETC. (IMPRINT)
-- القاهرة :
-- المجلس الاعلى للثقافة،
Holdings
حالة التراجع حالة الفقد حالة تلف ليس للاعارة المكان المؤقت الموقع الحالى موقع الترفيف تاريخ الاكتساب اجمالي اﻻعارات رقم الطلب الباركود تاريخ اخر مشاهدة تاريخ تفعيل السعر نوع وعاء كوها
        مكتبة القاهرة الكبرى مكتبة القاهرة الكبرى ق الرئيسية_العلوم الاجتماعية_ك عربى 05/18/2022   301/ س إ 167907 05/18/2022 05/18/2022 كتاب

Powered By

EGPV